000 01213cam a22003131 4500
001 31403
003 BD-RjUL
005 20211209051710.0
008 140415t966 19651nyua b 000 0 eng
035 _a(BD-RjUL)31490
040 _aDLC
_cICU
_dICU
_dBD-RjUL
_beng
041 1 _aengfre
082 0 0 _a155.413
_bDEI 1965
100 2 _aGouin Décarie, Thérèse.
_995561
245 1 0 _aIntelligence and affectivity in early childhood :
_ban experimental study of Jean Piaget's object concept and object relations /
_cForeword by Jean Piaget. Translated by Elisabeth Pasztor Brandt and Lewis Wolfgang Brandt.
260 _aNew York :
_bInternational Universities Press ,
_cc1965
300 _axvi, 230 p. :
_billus. ;
_c23 cm.
500 _aTranslation of Intelligence et affectivité chez le jeune enfant.
504 _aBibliography: p. 215-230.
600 1 0 _aPiaget, Jean,
_d1896-1980.
_93700
650 0 _aCognition in children.
_995562
650 0 _aObject relations (Psychoanalysis)
_993266
650 0 _aEmotions in children.
_9139
650 0 _aIntellect.
_9395
942 _2ddc
_cBK
999 _c31403
_d31403